00648 a2200193 450000500170000000800410001702000150005804000510007304100080012410000260013224500930015825000100025126000320026130000400029349000260033365000360035965000360039570000230043120180312141951.0131105s2001 sp a br|||| 00| 0 spa d a8434877643 aCO-BoUCMbspacJose A. GerenadDiana Londoño00aspa1 aPlaza, José María10aDavid y el monstruo que no sabía jugarcJosé María Plaza ; ilustraciones de Julius a2a Ed c2001bSMaMadrid (España) a56 páginasbilustraciones a color aEl barco de vaporv85 7aLiteratura infantil española  7aCuentos ilustrados para niños0 aJuliuseilustrador